Technical English for Zambian students (Record no. 80964)

MARC details
000 -LEADER
fixed length control field 00654nam a2200145 a 4500
008 - FIXED-LENGTH DATA ELEMENTS--GENERAL INFORMATION
fixed length control field 120416s1971 ||||||||||||||||| || u
050 ## - LIBRARY OF CONGRESS CALL NUMBER
Classification number T 11 Zam
245 10 - TITLE STATEMENT
Title Technical English for Zambian students
246 ## -
-- The Department of Technical Education and Vocational Training
260 ## - PUBLICATION, DISTRIBUTION, ETC.
Place of publication, distribution, etc. Lusaka
Name of publisher, distributor, etc. D.T.E.V.T
Date of publication, distribution, etc. 1971
300 ## - PHYSICAL DESCRIPTION
Extent vii, 117p. : ill
350 ## -
-- 0.00
995 ## -
-- BINDERY (DAMAGED)
-- 0.00
-- 716653
-- CBU-MAIN LIBRARY (Kitwe)
-- 1
-- 15.00
-- T 11 Zam
-- 1
-- DAMAGED
-- 014359
-- Main Library Open Access Collection
995 ## -
-- SPECIAL COLLECTIONS
-- 0.00
-- 716654
-- CBU-MAIN LIBRARY (Kitwe)
-- 2
-- 15.00
-- ZAM T 11 Zam
-- 2
-- AVAILABLE
-- 024348
-- Zambiana Collection
999 ## -
-- 80964
-- 80964
Holdings
Withdrawn status Lost status Source of classification or shelving scheme Damaged status Not for loan Permanent Location Current Location Shelving location Date acquired Total Checkouts Full call number Barcode Date last seen Copy number Price effective from Koha item type
          CBU-MAIN LIBRARY, KITWE. CBU-MAIN LIBRARY, KITWE.   07/11/2023   T 11 Zam 014359 07/11/2023 1 07/11/2023 MONOGRAPH
          CBU-MAIN LIBRARY, KITWE. CBU-MAIN LIBRARY, KITWE.   07/11/2023   ZAM T 11 Zam 024348 07/11/2023 2 07/11/2023 SPECIAL COLLECTION